00489nam a2200169Ia 4500001000700000003000500007008004100012010001100053040000900064082001700073100001500090245008800105260003100193300002100224503001500245650005900260Z_2861CHAP220113s1978 xx 000 0 und d a165934 cCHAP a636.0891 B4y aBerg, Ralf aAnatomía topográfica y aplicada de los animales domésticos /cpor Ralf Berg aMadrid :b :,bA C,c1978 a415 p. : bilus. afotocopias aAnimales domésticosxAnatomía y fisiología I. t.